[Event "Challenge"]
[Site "http://www.queenalice.com/game.php?id=488110"]
[Date "2008.11.5"]
[Round "-"]
[White "stephancharette"]
[Black "sherpacoach"]
[Result "1-0"]
[WhiteElo "1418"]
[BlackElo "1225"]

1. d4 d5 2. Nf3 e6 3. c3 Nc6 4. g3 h6 5. Bf4 g5 6. Be5 Nxe5 7. Nxe5 f6 8. Ng6
Rh7 9. Nxf8 Kxf8 10. Bh3 f5 11. e3 Nf6 12. Nd2 g4 13. Bg2 h5 14. O-O Ne4 15.
Nxe4 fxe4 16. f4 Rf7 17. h4 b6 18. Rf2 c6 19. Qa4 b5 20. Qb4+ Kg7 21. Raf1 Rf5
22. Qc5 Bd7 23. Qa3 a5 24. b3 b4 25. Qb2 Bc8 26. Rc1 Kg8 27. c4 Rf8 28. cxd5
Qxd5 29. Qc2 Bb7 30. Bxe4 Qd7 31. Bxc6 Qxc6 32. Qxc6 Bxc6 33. Rxc6 Rac8 34. Rxc8
Rxc8 35. f5 Rc1+ 36. Kg2 Kg7 37. fxe6 Rc7 38. d5 Rc8 39. e4 Rf8 40. Rxf8 Kxf8
41. a4 Ke7 42. e5 Ke8 43. d6 Kd8 44. e7+ Kd7 45. e6+ Kxe6 46. e8=Q+ Kxd6 47.
Qxh5 Kc6 48. Qxg4 Kc5 49. h5 Kb6 50. h6 Kc7 51. h7 Kd6 52. h8=Q Kd5 53. Qh6 Ke5
54. Qhe6# 1-0

[Event "Challenge"]
[Site "http://www.queenalice.com/game.php?id=498605"]
[Date "2008.11.26"]
[Round "-"]
[White "sherpacoach"]
[Black "stephancharette"]
[Result "0-1"]
[WhiteElo "1198"]
[BlackElo "1442"]

1. d4 d5 2. c3 Nf6 3. Qb3 b6 4. e3 e6 5. a3 Bd7 6. Qd1 g6 7. Nf3 Bh6 8. Ne5 O-O
9. Be2 Be8 10. O-O Nc6 11. Bf3 Nxe5 12. dxe5 Nd7 13. Qd4 Bg7 14. Bxd5 Bxe5 15.
Qd3 Rb8 16. Be4 Nc5 17. Qxd8 Rxd8 18. Bf3 Nd3 19. Rd1 Bb5 20. Nd2 Nxc1 21. Raxc1
Rd7 22. Ne4 Rfd8 23. g3 Bc6 24. Rxd7 Bxd7 25. Rd1 Kg7 26. Kg2 f6 27. g4 g5 28.
h3 h6 29. Nd2 a6 30. Nc4 b5 31. Nxe5 fxe5 32. Bc6 Bxc6+ 33. f3 Rxd1 34. b4 Rd3
35. e4 Rxc3 36. Kg3 Rxa3 37. h4 Bxe4 38. hxg5 hxg5 0-1

[Event "Challenge"]
[Site "http://www.queenalice.com/game.php?id=514906"]
[Date "2008.12.30"]
[Round "-"]
[White "sherpacoach"]
[Black "beelzebub"]
[Result "0-1"]
[WhiteElo "1186"]
[BlackElo "1496"]

1. e4 e5 2. Nf3 d6 3. d3 h6 4. c4 Nc6 5. Bd2 Be7 6. h3 Bf6 7. Bc3 Nge7 8. d4
exd4 9. Nxd4 Bd7 10. Na3 Nxd4 11. Bxd4 Nc6 12. Bc3 Bxc3+ 13. bxc3 a6 14. g3 Qf6
15. Be2 Qxc3+ 16. Kf1 Qxa3 17. Rb1 O-O-O 18. Qb3 Qxb3 19. Rxb3 Nd4 20. Rd3 c5
21. Bg4 h5 22. Bxd7+ Rxd7 23. Kg2 Re8 24. Re1 f5 25. f3 Rc7 26. e5 dxe5 27. a4
a5 28. Rb1 Re6 29. f4 e4 30. Re3 Rd7 31. Rd1 Nc2 32. Re2 Rxd1 33. Rxc2 Red6 34.
Re2 R1d2 35. Rxd2 Rxd2+ 36. Kf1 Rc2 37. Ke1 Rxc4 38. Ke2 Rd4 39. h4 c4 40. Ke3
Rd3+ 41. Ke2 c3 0-1

[Event "Challenge"]
[Site "http://www.queenalice.com/game.php?id=543267"]
[Date "2009.2.20"]
[Round "-"]
[White "sherpacoach"]
[Black "beelzebub"]
[Result "0-1"]
[WhiteElo "1179"]
[BlackElo "1598"]

1. d4 d5 2. c3 Bf5 3. Qb3 b6 4. Qb5+ c6 5. Qb3 Nf6 6. c4 e6 7. a3 Bd6 8. Qe3
dxc4 9. Nc3 Nbd7 10. Qg5 O-O 11. Bf4 Be7 12. Qg3 Nh5 13. Qf3 Nxf4 14. Qxf4 Nf6
15. e4 Qxd4 16. Nf3 Bd6 17. Nxd4 Bxf4 18. exf5 Rfd8 19. fxe6 Rxd4 20. Ne2 Bd2+
21. Kd1 Rd6 22. Kc2 Bh6 23. Rd1 Rxd1 24. Kxd1 Rd8+ 25. Kc2 Rd2+ 26. Kc3 fxe6 27.
Nd4 Ne4+ 28. Kxc4 Nxf2 29. Rg1 b5+ 30. Kc3 Be3 31. Be2 Ne4+ 32. Kb4 Rxd4+ 33.
Ka5 Ra4# 0-1

[Event "Round 1"]
[Site "http://www.queenalice.com/game.php?id=554755"]
[Date "2009.3.12"]
[Round "-"]
[White "Mr_SPOCK"]
[Black "sherpacoach"]
[Result "1-0"]
[WhiteElo "1512"]
[BlackElo "1179"]

1. e4 d5 2. e5 Nc6 3. d4 e6 4. Bb5 a6 5. Bxc6+ bxc6 6. Nh3 c5 7. Bg5 Qd7 8. O-O
Be7 9. Bxe7 Qxe7 10. dxc5 Qd7 11. Nf4 Qb5 12. Qd4 a5 13. Nc3 Qxb2 14. Qa4+ Bd7
15. c6 Qxc3 16. cxd7+ Kd8 17. Ne2 Qxe5 18. Nd4 Ne7 19. Rfe1 Qd6 20. Rab1 c6 21.
Rb7 Rb8 22. Qxa5+ Qc7 23. Rxb8+ Kxd7 24. Rb6 Rb8 25. Reb1 c5 26. Qb5+ Nc6 27.
Nxc6 1-0

[Event "Challenge"]
[Site "http://www.queenalice.com/game.php?id=557690"]
[Date "2009.3.18"]
[Round "-"]
[White "sherpacoach"]
[Black "beelzebub"]
[Result "0-1"]
[WhiteElo "1175"]
[BlackElo "1598"]

1. d4 d5 2. Nc3 Bf5 3. Nf3 e6 4. a3 c5 5. Bg5 Be7 6. Bf4 Nc6 7. e3 a6 8. h3 Nf6
9. Bd3 Ne4 10. Nxe4 dxe4 11. Nh4 exd3 12. Nxf5 exf5 13. Qxd3 cxd4 14. exd4 Nxd4
15. Be5 Qa5+ 16. b4 Qxe5+ 17. Qe3 Nxc2+ 18. Kd2 Nxe3 19. Rae1 Nc4+ 20. Kd1 Qb2
21. Rxe7+ Kxe7 22. Ke1 Rad8 23. g3 Rd2 24. Kf1 Rxf2+ 25. Kg1 Rg2+ 26. Kf1 Qf2#
0-1

[Event "Challenge"]
[Site "http://www.queenalice.com/game.php?id=568474"]
[Date "2009.4.8"]
[Round "-"]
[White "sherpacoach"]
[Black "beelzebub"]
[Result "0-1"]
[WhiteElo "1175"]
[BlackElo "1598"]

1. e4 e5 2. Nf3 d6 3. d4 Bg4 4. Be2 Nc6 5. h3 Bxf3 6. Bxf3 Nxd4 7. Bh5 Nf6 8.
Bxf7+ Kxf7 9. Bg5 Be7 10. c3 Ne6 11. O-O Nxg5 12. Nd2 Ngxe4 13. Nf3 c6 14. Qd3
Qb6 15. g4 Ng3 16. Ng5+ Ke8 17. Qxg3 h6 18. Ne6 Kf7 19. Nxg7 Kxg7 20. Qh4 Raf8
21. g5 Nd7 22. gxh6+ Kf7 23. Qh5+ Ke6 24. Qg4+ Rf5 25. Qg6+ Bf6 26. Rae1 Rg5+
27. Qxg5 Bxg5 28. Re3 Rxh6 29. Rxe5+ Nxe5 30. Re1 Rxh3 31. Rxe5+ Kxe5 32. Kg2
Rh4 33. Kg3 Rf4 34. b4 Qxf2+ 35. Kh3 Rh4# 0-1

[Event "Challenge"]
[Site "http://www.queenalice.com/game.php?id=579482"]
[Date "2009.4.28"]
[Round "-"]
[White "sherpacoach"]
[Black "beelzebub"]
[Result "0-1"]
[WhiteElo "1175"]
[BlackElo "1598"]

1. d4 d5 2. c3 Bf5 3. e3 a6 4. Nd2 Nf6 5. Qb3 b5 6. a4 bxa4 7. Qxa4+ Bd7 8. Qa3
e6 9. b4 a5 10. Qb3 Nc6 11. Bb5 axb4 12. Ra6 Rxa6 13. Bxa6 bxc3 14. Qxc3 Ne4 15.
Nxe4 Bb4 16. Qd2 Bxd2+ 17. Bxd2 dxe4 18. Bb5 Ne7 19. Bc4 Qb8 20. Ne2 Qb1+ 21.
Nc1 Qb2 22. O-O Qxd2 23. Nb3 Qb4 24. Rc1 O-O 25. Nc5 Bc6 26. Be2 Qd2 27. Nb3
Qxe2 28. h3 Qb2 29. Nc5 Qxc1+ 30. Kh2 Ra8 31. Nb3 Qb2 32. Nc5 Qxf2 33. Nd3 exd3
34. h4 Qxg2# 0-1

[Event "Challenge"]
[Site "http://www.queenalice.com/game.php?id=595000"]
[Date "2009.5.28"]
[Round "-"]
[White "sherpacoach"]
[Black "beelzebub"]
[Result "0-1"]
[WhiteElo "1167"]
[BlackElo "1598"]

1. d4 d5 2. e3 Nf6 3. Bd3 e6 4. a3 c5 5. c3 a6 6. Nf3 Nc6 7. O-O Qc7 8. Ne5 Nxe5
9. dxe5 Qxe5 10. f4 Qc7 11. Nd2 Nd7 12. Nf3 Bd6 13. Ng5 h6 14. Qh5 Nf6 15. Qh4
O-O 16. Bd2 hxg5 17. fxg5 Ne4 18. Bxe4 dxe4 19. Qxe4 Bxh2+ 20. Kf2 Qg3+ 21. Ke2
Bd7 22. Kd1 Bc6 23. Be1 Bxe4 24. Bxg3 Bxg3 25. Rh1 Rfd8+ 26. Ke2 Rd5 27. Rhf1
Rad8 28. Rfd1 Rxd1 29. Rxd1 Rxd1 30. Kxd1 Bxg2 31. b4 Kh7 32. c4 Bf1 33. bxc5
Bxc4 34. e4 Bf2 35. e5 Bxc5 36. g6+ Kxg6 37. a4 Kf5 38. Kc2 Bd4 39. a5 Ke4 40.
Kd2 Kf3 41. Ke1 Ke3 42. Kd1 Bd3 43. Ke1 Bc2 44. Kf1 Kf3 45. Ke1 Bc3+ 46. Kf1
Bd3+ 47. Kg1 Kg3 48. Kh1 Bb4 49. Kg1 Bc5+ 50. Kh1 Be4# 0-1

[Event "Challenge"]
[Site "http://www.queenalice.com/game.php?id=611057"]
[Date "2009.6.30"]
[Round "-"]
[White "sherpacoach"]
[Black "beelzebub"]
[Result "0-1"]
[WhiteElo "1167"]
[BlackElo "1617"]

1. d4 d5 2. Bg5 h6 3. Bh4 g5 4. Bg3 e6 5. Be5 f6 6. Bg3 c5 7. c3 Nc6 8. Nf3 cxd4
9. Nxd4 Nge7 10. e3 e5 11. Nb5 h5 12. Be2 h4 13. Bh5+ Kd7 14. Qg4+ f5 15. Qxg5
hxg3 16. fxg3 a6 17. Nd6 Kxd6 18. Qf6+ Be6 19. Qxh8 Qb6 20. b3 Qxe3+ 21. Be2
Qc1+ 22. Bd1 Qb2 23. O-O Qxa1 24. Nd2 Qxc3 25. Nf3 Qe3+ 26. Rf2 Rc8 27. h4 Bh6
28. Qf6 Rf8 29. Qxh6 Qxh6 30. Ng5 e4 31. Rc2 Qf6 32. Rd2 Qc3 33. Rf2 Qxg3 34.
Nxe6 Kxe6 35. Kf1 Nd4 36. Rd2 Nec6 37. h5 Rh8 38. Kg1 Nf3+ 39. Kf1 Qe1# 0-1

[Event "Challenge"]
[Site "http://www.queenalice.com/game.php?id=623283"]
[Date "2009.7.23"]
[Round "-"]
[White "sherpacoach"]
[Black "beelzebub"]
[Result "0-1"]
[WhiteElo "1167"]
[BlackElo "1617"]

1. d4 d5 2. e3 a6 3. Nc3 e6 4. a3 c5 5. Qg4 Nf6 6. Qg3 cxd4 7. exd4 Nc6 8. Qd3
Bd6 9. Nh3 h6 10. Qf3 Nxd4 11. Qe3 Nxc2+ 12. Kd2 Nxe3 13. Kxe3 Qc7 14. Bd3 Be5
15. Bd2 d4+ 16. Kf3 dxc3 17. bxc3 Bxc3 18. Rhc1 Qc6+ 19. Ke2 Bxa1 20. Rxc6 bxc6
21. Nf4 e5 22. Nh3 Be6 23. f4 Bd5 24. fxe5 Bxe5 25. Nf4 Bxf4 26. Bxf4 Bxg2 27.
Be5 O-O 28. Ke3 Ng4+ 29. Kf4 Nxe5 30. Kxe5 Rfd8 31. Bc4 Bd5 32. Bd3 c5 33. Be4
Bxe4 34. Kxe4 c4 0-1

[Event "Challenge"]
[Site "http://www.queenalice.com/game.php?id=653550"]
[Date "2009.9.17"]
[Round "-"]
[White "sherpacoach"]
[Black "beelzebub"]
[Result "0-1"]
[WhiteElo "1167"]
[BlackElo "1608"]

1. e4 c5 2. Nf3 Nf6 3. Bd3 e6 4. O-O a6 5. a3 d5 6. Ng5 h6 7. Nxf7 Kxf7 8. exd5
exd5 9. c4 Nc6 10. cxd5 Nxd5 11. Qh5+ Ke7 12. Re1+ Kd6 13. Bc4 Nf6 14. Qf3 Nd4
15. Qf4+ Kc6 16. Bd3 Bd6 17. Qe3 Re8 18. Be4+ Nxe4 19. Qd3 Bf5 20. Nc3 Nf6 21.
Re4 Bxe4 22. Nxe4 Rxe4 23. g3 Qd7 24. b4 Qh3 25. Bb2 Rae8 26. Qf1 Nf3+ 27. Kh1
Qxh2# 0-1

[Event "Challenge"]
[Site "http://www.queenalice.com/game.php?id=670816"]
[Date "2009.10.22"]
[Round "-"]
[White "sherpacoach"]
[Black "beelzebub"]
[Result "0-1"]
[WhiteElo "1167"]
[BlackElo "1625"]

1. d4 d5 2. Nc3 e6 3. a3 c5 4. e3 Nc6 5. Nf3 Nf6 6. g3 a6 7. h3 cxd4 8. Nxd4 Bd7
9. Bg2 Bc5 10. b4 Bxd4 11. exd4 Rc8 12. Be3 Nxb4 13. axb4 Rxc3 14. Rc1 Bb5 15.
Bd2 Rc6 16. Bf1 Qb6 17. Bd3 Bxd3 18. cxd3 Qxd4 19. O-O Qxd3 20. Rxc6 bxc6 21.
Bg5 Qxd1 22. Rxd1 Ne4 23. Ra1 Nxg5 24. Kg2 Kd7 25. Rxa6 Rb8 26. h4 Ne4 27. f3
Nf6 28. Kh3 Kd6 29. Ra7 Nd7 30. f4 Rxb4 31. Ra8 Rb8 32. Ra7 Rc8 33. g4 d4 34. g5
c5 35. Ra6+ Ke7 36. Kg4 c4 37. f5 exf5+ 38. Kxf5 d3 39. Ke4 d2 40. Ra1 c3 41.
Kd3 Ke6 42. Kc2 Ne5 43. Ra4 Kf5 44. Ra3 Rd8 45. Ra1 Ng4 46. Kxc3 d1=Q 47. Rxd1
Rxd1 48. Kc4 Ne3+ 49. Kc5 Kg4 50. Kb4 Kxh4 51. Kc3 Kxg5 52. Kb3 f5 53. Kb2 f4
54. Kb3 f3 55. Kb4 f2 56. Kb5 f1=Q+ 57. Kb6 Qc4 58. Kb7 Rb1+ 59. Ka7 Qa4# 0-1

[Event "Challenge"]
[Site "http://www.queenalice.com/game.php?id=686974"]
[Date "2009.11.22"]
[Round "-"]
[White "sherpacoach"]
[Black "FENIX_RJ"]
[Result "0-1"]
[WhiteElo "1163"]
[BlackElo "1469"]

1. d4 Nc6 2. c3 e5 3. e3 Qf6 4. f3 exd4 5. exd4 d5 6. Qe2+ Be7 7. Nh3 Qh4+ 8.
Qf2 Na5 9. g3 Qf6 10. Bg5 Qg6 11. Qe3 Qc2 12. Qd3 Bf5 13. Qxc2 Bxc2 14. Na3 f6
15. Nb5 O-O-O 16. Bf4 Rd7 17. Bxc7 Nc6 18. Bf4 Nh6 19. g4 g5 20. Be3 Re8 21. a3
f5 22. Nxg5 Bd8 23. Kf2 Rde7 24. Nd6+ Kd7 25. Nxe8 Rxe8 26. Nxh7 Bh4+ 27. Ke2 f4
28. Kd2 fxe3+ 29. Kxc2 e2 30. Nf6+ Bxf6 31. Bh3 Bxd4 32. cxd4 Nxd4+ 33. Kc3 Nb5+
34. Kd3 Nd4 35. Kxd4 Nf7 36. g5+ Kd6 37. g6 Ng5 38. Bf5 Nxf3+ 39. Kc3 d4+ 40.
Kc4 Re5 41. g7 Re8 42. Rac1 Rg8 43. Rhe1 Ke5 44. Bg4 Nxh2 0-1

[Event "Challenge"]
[Site "http://www.queenalice.com/game.php?id=701065"]
[Date "2009.12.21"]
[Round "-"]
[White "palergiuseppe"]
[Black "sherpacoach"]
[Result "1/2-1/2"]
[WhiteElo "1184"]
[BlackElo "1155"]

1. Nf3 d6 2. d4 e5 3. Nc3 Nc6 4. dxe5 Nxe5 5. Nxe5 dxe5 6. Qxd8+ Kxd8 7. Bg5+ f6
8. Bd2 Be6 9. e4 Bd6 10. Nb5 Bc5 11. Ba5 b6 12. Bc3 a6 13. Rd1+ Ke7 14. Nxc7 Rc8
15. Nxa6 Bxf2+ 16. Kxf2 Nh6 17. Bb4+ Kf7 18. Rc1 Ng4+ 19. Kg1 Ne3 20. Bd2 Rxc2
21. Rxc2 Nxc2 22. Nc7 Bxa2 23. Bd3 Nd4 24. Kf2 Rc8 25. Rc1 Nb3 26. Bc4+ Kg6 27.
Bxb3 Bxb3 28. h4 h5 29. Be3 Rd8 30. Bxb6 Rd2+ 31. Kf1 Rxb2 32. Ba5 Ba4 33. Nd5
Bb5+ 34. Kg1 Bd3 35. Nc3 f5 36. exf5+ Bxf5 37. Bc7 Rb4 38. Bxe5 Bd3 39. Nd5 Be4
40. Nf4+ Kf5 41. Nxh5 Kxe5 42. Rc5+ Kd6 43. Rg5 Ke6 44. Nxg7+ Kf7 45. Nh5 Bg6
46. Ng3 Rxh4 47. Ne2 Re4 48. Nc3 Re1+ 49. Kh2 Kf6 50. Ra5 Ke6 51. Ra6+ Kf5 52.
g4+ Kg5 53. Ra4 Bc2 54. Rd4 Kh4 55. Rf4 Re3 56. Nd5 Re2+ 57. Kg1 Kh3 58. Nc3
Rg2+ 59. Kf1 Bd3+ 60. Ke1 Rc2 61. Nd5 Rc4 62. g5 Re4+ 63. Kd2 Bb1 64. g6 Rxf4
65. Nxf4+ Kg3 66. Kc1 Ba2 67. Kb2 Bc4 68. Nh5+ Kg4 69. Kc3 Kxh5 70. Kxc4 Kxg6
71. Kd5 Kg5 1/2-1/2

[Event "Challenge"]
[Site "http://www.queenalice.com/game.php?id=709296"]
[Date "2010.1.6"]
[Round "-"]
[White "sherpacoach"]
[Black "beelzebub"]
[Result "0-1"]
[WhiteElo "1167"]
[BlackElo "1625"]

1. d4 d5 2. c3 Nf6 3. Nf3 h6 4. e3 e6 5. Bd3 c5 6. O-O Nc6 7. Ne5 cxd4 8. exd4
Bd6 9. Bf4 Qc7 10. Qe2 Nd7 11. Nxf7 Kxf7 12. Qh5+ Ke7 13. Qg6 Rg8 14. Re1 Nf6
15. Be5 Bxe5 16. Nd2 Bxh2+ 17. Kf1 Bf4 18. Nb3 b6 19. g3 Bd6 20. f4 Kf8 21. f5
Ne7 22. Nc5 bxc5 23. Qxf6+ gxf6 24. fxe6 Rxg3 25. Kf2 Rxd3 26. Rad1 Rxd1 27.
Rxd1 Bh2 28. Ke2 Bxe6 29. Rf1 Bg4+ 30. Kd2 Kf7 31. Rh1 Qf4+ 32. Kc2 Qe4+ 33. Kb3
c4+ 34. Kb4 Bd6+ 35. Ka4 Qc2+ 36. Kb5 Qxb2+ 37. Ka5 Qb6+ 38. Ka4 Bd7# 0-1

[Event "sherpacoach"]
[Site "http://www.queenalice.com/game.php?id=747421"]
[Date "2010.3.17"]
[Round "-"]
[White "foda"]
[Black "sherpacoach"]
[Result "1-0"]
[WhiteElo "1465"]
[BlackElo "1159"]

1. e4 d6 2. Bc4 e5 3. Qf3 Nf6 4. b4 Bg4 5. Qg3 Qd7 6. h3 Nxe4 7. Qxg4 Qxg4 8.
hxg4 c6 9. d3 d5 10. dxe4 dxc4 11. Nf3 Bxb4+ 12. c3 Bc5 13. Nxe5 f6 14. Nxc4 O-O
15. Be3 Nd7 16. Na5 Bxe3 17. fxe3 Ne5 18. Nxb7 Nd3+ 19. Ke2 Ne5 20. Nd2 Rab8 21.
Nd6 Nxg4 22. Rh4 Ne5 23. Rah1 Rbd8 24. Nb7 Rd3 25. Rxh7 Kf7 26. Nc5 Rxc3 27. Na4
Ra3 28. Nc5 Rxa2 29. Rb1 Kg8 30. Rbh1 Nf7 31. Nd7 Ng5 32. Rh8+ 1-0

[Event "Challenge"]
[Site "http://www.queenalice.com/game.php?id=760585"]
[Date "2010.4.13"]
[Round "-"]
[White "blackwolf"]
[Black "sherpacoach"]
[Result "1-0"]
[WhiteElo "1890"]
[BlackElo "1154"]

1. d4 d5 2. c4 e6 3. Nc3 c6 4. Nf3 f5 5. Bf4 Bd6 6. Ne5 Bxe5 7. Bxe5 Qg5 8. e3
Ne7 9. Qf3 Nd7 10. Qg3 Qxg3 11. Bxg3 Ng6 12. Be2 b5 13. c5 O-O 14. b4 a5 15.
bxa5 b4 16. Na4 Ba6 17. Bxa6 Rxa6 18. Bc7 Nh4 19. O-O Rc8 20. Bd6 Rxa5 21. Nb6
Re8 22. Nxd7 h6 23. Ne5 Kh7 24. Rfb1 Ng6 25. Nxc6 Ra4 26. Nxb4 Rea8 27. g3 Ra3
28. c6 Rc3 29. c7 Rc4 30. Nd3 Rc6 31. Rb8 Ra3 32. c8=Q Rxc8 33. Rxc8 Rxd3 34. a4
Nh8 35. a5 Nf7 36. Bc5 Ng5 37. a6 Nf3+ 38. Kh1 Rc3 39. a7 1-0

[Event "Challenge"]
[Site "http://www.queenalice.com/game.php?id=760586"]
[Date "2010.4.13"]
[Round "-"]
[White "sherpacoach"]
[Black "blackwolf"]
[Result "0-1"]
[WhiteElo "1156"]
[BlackElo "1888"]

1. e4 c5 2. d3 Nc6 3. c3 g6 4. Be3 d6 5. h3 Bg7 6. Nd2 Nf6 7. f3 O-O 8. d4 cxd4
9. cxd4 e6 10. Nc4 d5 11. Ne5 Qa5+ 12. Bd2 Qb6 13. b3 Qxd4 14. Ng4 Nxg4 15. fxg4
Qxa1 16. Qxa1 Bxa1 17. Bd3 dxe4 18. Bxe4 f5 19. Bb4 Nxb4 20. Bf3 Rb8 21. Kf2 b6
22. Ne2 Bb7 23. Nf4 e5 24. Ne2 e4 25. Rxa1 exf3 26. gxf3 fxg4 27. hxg4 Bxf3 28.
Ng1 Bxg4+ 29. Kg3 h5 30. Kh4 Rf2 31. Kg5 Kg7 32. Re1 Nxa2 33. Re7+ Rf7 34. Re3
Rbb7 35. Kh4 Rbd7 36. Nh3 Bxh3 37. Kxh3 Rf4 38. Kg3 Rg4+ 0-1